MARC

LEADER 00000nbm0a2200000 4500
001 156359
005 20231031153112.0
029 0 0 |a SU  |b 70011061  |f ТПУ 
035 |a (RuTPU)RU\TPU\book\169599 
090 |a 156359 
100 |a 20090326d1970 k y0rusy50 ca 
101 0 |a rus 
102 |a RU 
105 |a a p 000zy 
200 1 |a Вещественный состав руд Коммунаровского и Тарданского золоторудных полей и их сравнительная характеристика  |e Отчет о НИР  |h Ч. II: Минералогия и геохимия золоторудного поля Коммунар  |f Томский политехнический институт (ТПИ) ; руководитель А. М. Кузьмин ; исполн. исслед. А. Ф. Коробейников ; руководитель А. М. Кузьмин 
210 |a Томск  |c Изд-во ТПИ  |d 1970 
215 |a 338 л.  |c ил. 
229 |a Тема 79/66 
610 1 |a золоторудные месторождения 
610 1 |a рудные поля 
610 1 |a Коммунарский золотоносный район 
610 1 |a Тарданское рудное поле 
610 1 |a геологическое строение 
610 1 |a контактово-метасоматические образования 
610 1 |a редкотермальные образования 
610 1 |a минералогия 
610 1 |a вещественный состав 
610 1 |a отчеты о НИР 
610 1 |a труды учёных ТПУ 
675 |a 553.41(04)  |v 3 
702 1 |a Кузьмин  |b А. М.  |c российский геолог  |c профессор Томского политехнического института  |f 1891-1980  |g Алексей Михайлович  |2 stltpush  |3 (RuTPU)RU\TPU\pers\13901  |4 673 
702 1 |a Коробейников  |b А. Ф.  |c российский геолог, доктор геолого-минералогических наук  |c профессор Томского политехнического университета  |f 1934-  |g Александр Феопенович  |2 stltpush  |3 (RuTPU)RU\TPU\pers\12688  |4 595 
702 1 |a Кузьмин  |b А. М.  |c российский геолог  |c профессор Томского государственного университета  |f 1891-1980  |g Алексей Михайлович  |2 stltpush  |3 (RuTPU)RU\TPU\pers\13901  |4 673 
712 0 2 |a Томский политехнический институт (ТПИ)  |c (1944-1991)  |2 stltpush  |3 (RuTPU)RU\TPU\col\1123 
801 1 |a RU  |b 63413507  |c 20090326  |g PSBO 
801 2 |a RU  |b 63413507  |c 20110324  |g PSBO 
942 |c BK